000 02246nas a2200253 a 4500
003 DLC
005 20250619102907.0
008 130220c1964 mx fr1p r 0 0eng d
022 _a0185-1225 (impreso)
022 _a2448-6221 (electrónico)
_2ISSN: 0185-1225 ISSN-e: 2448-6221 Registrarse Entrar ISSN: 0185-1225 ISSN-e: 2448-6221 Registrarse Entrar
035 _aUPN01000189747
040 _aMX-MxUPN
_bspa
_cMX-MxUPN
_eaacr2
245 1 0 _aAnales de Antropología
260 _aDistrito Federal, México :
_bUniversidad Nacional Autónoma de México, Instituto de Investigaciones Antropológicas,
_c1964-
310 _aSemestral
321 _aAnual
510 _aLatindex
520 3 _aEs una publicación sobre las diferentes disciplinas antropológica (antropología física, antropología social, arqueología, etnología, etnohistoria y lingüiística antropológica) trabajos científicos, ensayos críticos y teórico-metodológicos, así como reseñas bibliográficas; cuyo tema sea de interés mundial. Sin perder la perspectiva de la especialidad desde la cual se abordan los textos, sea interdisciplinario, o bien transdisciplinario.
_cAnales de antropología
530 _aTambién disponible versión electrónica
650 2 _aAntropología
_94499
902 _aGloria Jiménez/160625
905 _aRevista
942 _cREV-I
999 _c161850
_d161850